| 000 | 00847nam a2200229 i 4500 | ||
|---|---|---|---|
| 001 | 26956 | ||
| 003 | ES-MaACL | ||
| 005 | 20230906153530.0 | ||
| 007 | t| | ||
| 008 | 030113s1946 sp ||||1| spa d | ||
| 100 | 1 |
_aAsensio Villa, Enrique. _923590 |
|
| 245 | 1 | 3 |
_aEl acceso a la propiedad en las viviendas protegidas / _cpor Enrique Asensio Villa. |
| 260 |
_aMadrid : _bEscuela Social de Madrid, _c1946 ( _fF. Domenech) |
||
| 300 |
_a44 p. ; _c22 cm. |
||
| 490 | 1 | _aCuadernos del Congreso de Estudios Sociales. Sección 7ª | |
| 650 | 4 |
_aViviendas de protección oficial. _9149608 |
|
| 710 | 2 |
_aEscuela Social de Madrid. _93593 |
|
| 711 | 2 |
_aCongreso de Estudios Sociales ( _d1945. _cMadrid) _9173563 |
|
| 830 | 1 |
_aCuadernos del Congreso de Estudios Sociales. Sección 7ª _9183643 |
|
| 852 |
_aES-MaACL _j1864-F-26 |
||
| 999 |
_c26956 _d26956 |
||